Intermediate accounting / (Record no. 17485)

000 -LEADER
fixed length control field 00805cam a2200253 a 4500
020 ## - INTERNATIONAL STANDARD BOOK NUMBER
ISBN 9780078025327 (combined edition : alk. paper)
020 ## - INTERNATIONAL STANDARD BOOK NUMBER
ISBN 007802532X (combined edition : alk. paper)
020 ## - INTERNATIONAL STANDARD BOOK NUMBER
ISBN 9780077446499 (volume 1 : alk. paper)
020 ## - INTERNATIONAL STANDARD BOOK NUMBER
ISBN 0077446496 (volume 1 : alk. paper)
020 ## - INTERNATIONAL STANDARD BOOK NUMBER
ISBN 9780077446482 (volume 2 : alk. paper)
020 ## - INTERNATIONAL STANDARD BOOK NUMBER
ISBN 0077446488 (volume 2 : alk. paper)
040 ## - CATALOGING SOURCE
Transcribing agency DLC
082 00 - DEWEY DECIMAL CLASSIFICATION NUMBER
Classification number 657 MCG 2013 A115 Or.
100 1# - MAIN ENTRY--AUTHOR NAME
Personal name Spiceland, J. David,
245 10 - TITLE STATEMENT
Title Intermediate accounting /
250 ## - EDITION STATEMENT
Edition statement 7th ed.
260 ## - PUBLICATION, DISTRIBUTION, ETC. (IMPRINT)
Place of publication New York :
Name of publisher McGraw-Hill/Irwin,
Year of publication 2013.
300 ## - PHYSICAL DESCRIPTION
Number of Pages 1 v. (various pagings) :
Other physical details col. ill. ;
Dimensions 29 cm.
500 ## - GENERAL NOTE
General note Includes index.
650 #0 - SUBJECT ADDED ENTRY--TOPICAL TERM
Topical Term Accounting.
700 1# - ADDED ENTRY--PERSONAL NAME
Personal name Sepe, James F.
700 1# - ADDED ENTRY--PERSONAL NAME
Personal name Nelson, Mark
942 ## - ADDED ENTRY ELEMENTS (KOHA)
Koha item type ADB
952 ## - LOCATION AND ITEM INFORMATION (KOHA)
Withdrawn status [LOCAL, KOHA] 0
952 ## - LOCATION AND ITEM INFORMATION (KOHA)
Withdrawn status [LOCAL, KOHA] 0
Holdings
Permanent Location Date acquired Koha item type Lost status Shelving location Barcode Current Location Full call number
Library Block A2018-12-03សៀវភៅភាសាអង់គ្លេស A115A35647Library Block A657 MCG 2013 A115 Or.
Library Block A2018-12-03សៀវភៅភាសាអង់គ្លេស A115A37965Library Block A657 MCG 2013 A115 Or.
មជ្ឈមណ្ឌលឯការនៃសាកលវិទ្យាល័យភូមិន្ទកសិកម្មចំការដូង

Powered by Koha